Państwa graniczące z Iranem - Statystyki

Ogólne statystyki
  • Ten quiz został rozwiązany 21 780 razy
  • Średni wynik to 6 z 7
Odpowiedzi na mapie
Odpowiedzi zakodowano w zielono-czerwonej skali na mapie do tego quizu, zgodnie z poniższymi procentami.
 
Statystyki odpowiedzi
Państwo % Poprawnych
Irak
99%
Afganistan
89%
Pakistan
89%
Turcja
87%
Armenia
83%
Azerbejdżan
83%
Turkmenistan
83%
Nie znaleziono quizów pasujących do podanych kryteriów
Rozkład punktacji
Procent ludzi z każdym wynikiem
Percentyl według liczby udzielonych odpowiedzi
Twoja historia wyników
Nie rozwiązałeś tego quizu